| 000 | 01289cam a2200373 i 4500 | ||
|---|---|---|---|
| 001 | 25216 | ||
| 003 | CUTN | ||
| 005 | 20170314115832.0 | ||
| 008 | 150102s2015 ii a b 000 0 eng d | ||
| 010 | _a 2015306740 | ||
| 020 | _a9780199458271 (pbk.) | ||
| 020 | _a0199458278 (pbk.) | ||
| 025 | _aI-E-2015306740 | ||
| 035 | _a(OCoLC)ocn899729962 | ||
| 035 |
_a(OCoLC)899729962 _z(OCoLC)900438645 |
||
| 037 | _bLibrary of Congress -- New Delhi Overseas Office | ||
| 040 |
_aDKAGE _beng _cDKAGE _erda _dOCLCO _dYDXCP _dOCLCF _dDLC |
||
| 042 |
_alccopycat _alcode |
||
| 043 | _aa-ii--- | ||
| 050 | 0 | 0 |
_aHC440.E5 _bD367 2015 |
| 082 | 0 | 4 |
_a338.954 _223 |
| 100 | 1 |
_aDatta, Sankar, _eauthor. |
|
| 245 | 1 | 0 |
_aState of India's livelihoods report 2014 / _ccontributors, Sankar Datta [and five others]. |
| 250 | _aFirst edition. | ||
| 300 |
_axiv, 110 pages : _billustrations (color) ; _c28 cm |
||
| 500 | _a"An ACCESS Publication"--Cover. | ||
| 504 | _aIncludes bibliographical references. | ||
| 650 | 0 |
_aSustainable development _zIndia. |
|
| 650 | 0 |
_aSustainable development reporting _zIndia. |
|
| 710 | 2 |
_aAccess Development Services, _eissuing body. |
|
| 906 |
_a7 _bcbc _ccopycat _d3 _encip _f20 _gy-gencatlg |
||
| 942 |
_2ddc _cTB |
||
| 999 |
_c21109 _d21109 |
||